| 000 | 00800nam a22002417a 4500 | ||
|---|---|---|---|
| 005 | 20250613112212.0 | ||
| 010 | _aENG-145338 | ||
| 020 |
_a9788195180004 _c350.00 |
||
| 035 | _aEN-128870 | ||
| 037 | _bDBAD | ||
| 082 |
_a519.5 _21 |
||
| 100 |
_aKoushor, Sherin _981980 |
||
| 245 |
_aBusiness Statistics/ _cSherin Koushor...[et.al] |
||
| 250 | _a1 | ||
| 260 |
_aChhattisgrah _bAditi Publication _c2022 |
||
| 270 |
_aAditi Publication Opp.New Panchajanya Vidya Mandir, Near Tiranga Chowk, Kushalpur,Raipur, Chhattisgrah,INDIA _bRaipur _k+91 9425210308 |
||
| 300 |
_a153p. _c20cm(pb) |
||
| 700 |
_aSharma, Anurag _eAuthor _981981 |
||
| 700 |
_aDewangan, Kajal _eAuthor _981982 |
||
| 700 |
_aKundu, Rupali Shil _eAuthor _981983 |
||
| 760 | _b1 | ||
| 942 |
_2ddc _cEN _h519.5 _mKOU _e1 |
||
| 999 |
_c211786 _d211786 |
||